| 000 | 01146nam a2200277 a 4500 | ||
|---|---|---|---|
| 001 | 000661970 | ||
| 003 | AM-YeHGA | ||
| 005 | 20250617152927.0 | ||
| 008 | 090529s1978 ||||||||||||||||||||rus d | ||
| 040 | _aAM-YeHGA | ||
| 041 | 1 |
_arus _heng |
|
| 100 | 1 | _aХаранги, Л. | |
| 245 | 1 | 0 |
_aПатология туберкулеза в пожилом возрасте : _bПер. с англ. / _cЛ. Харанги, К. Сцеменьи; Пер. М.А. Карачунского, А.М. Мороза . |
| 246 | 1 | 1 | _aPathology of Tuberculosis in Old Age |
| 260 |
_aМосква : _bМедицина, _c1978. |
||
| 300 |
_a248 с. : _bил., табл. |
||
| 534 |
_pОригинал на англ. : _iPathology of Tuberculosis in Old Age / _aLaszlo Haranghy - _cBudapest : Akadémiai kiadÓ, 1974 . |
||
| 650 | 1 | 4 | _aТуберкулез |
| 650 | 1 | 4 | _aГеронтология |
| 650 | 1 | 4 | _aСмертность |
| 650 | 1 | 4 | _aМорфологические изменения |
| 700 | 1 | _aСцеменьи, К. | |
| 700 | 1 |
_aКарачунский, М.А. _eпер. _4trl |
|
| 700 | 1 |
_aМороз, А.М. _eпер. _4trl |
|
| 090 | _c382546 | ||
| 999 |
_c380620 _d380620 |
||